000 00403cam a2200169 4500
001 D12120
008 090401t1959 xxu||||| |||| 00| 0 eng d
035 _a(Sirsi) u1279
041 _aeng
100 _aBernasconi, J.R.
245 4 _aThe Collectors` glossary of antique and fine arts
260 _bEstates Gazette
_c1959
350 _a0
520 _aShelf 113
942 _n0
948 _c04/03/1997
999 _c85652
_d85652